000 00819nam a22002177a 4500
999 _c2401
_d2401
003 AR-CdUCM
008 190304b ||||| |||| 00| 0 spa d
040 _aMUNICIPALIDAD PROVINCIAL DEL CUSCO
_cBIBLIOTECA MUNICIPAL DEL CUSCO
082 _a343.247 /
_bG82
100 _aGrigorián, L.
_98626
245 _aFundamentos del derecho estatal Soviético /
260 _aMoscú :
_bProgreso,
_c1979.
300 _a358 paginas ;
_c21 cm.
505 _aNoción del derecho estatal Soviético -- Constitución Soviética -- Bases constitucionales del poder socialista del pueblo en la URSS -- Situación jurídica del individuo en la URSS ...
650 _aDerecho constitucional
_94734
650 _aDerecho civil
_97386
650 _aRusia
_9499
700 _aDolgopólov, Y.
_98627
942 _2ddc
_cLIBROS
945 _aacv